Metadaten in der amtlichen Statistik im internationalen Vergleich /

Saved in:
Bibliographic Details
Main Author: Fischer, Birgit.
Format: Book
Language:German
Published: Berlin : Institut für Bibliothekswissenschaft der Humboldt-Universität zu Berlin, 2005.
Series:Berliner Handreichungen zur Bibliothekswissenschaft und Bibliothekarausbildung ; Heft 145.
Subjects:
Tags: Add Tag
No Tags, Be the first to tag this record!
LEADER 01325cam a2200337Ia 4500
001 009707669-4
005 20080818134501.0
008 050523s2005 gw a b 000 0 ger d
015 |a GFR-DNB-05,B29,0117 
016 7 |a 974983667  |2 GyFmDB 
035 0 |a ocm76758784 
040 |a GWDNB  |e rakwb  |c GWDNB  |d TEF 
043 |a e------  |a n-cn--- 
050 4 |a Z666.7  |b .F57 2005 
090 |a Z666.7  |b .F57 2005 
100 1 |a Fischer, Birgit. 
245 1 0 |a Metadaten in der amtlichen Statistik im internationalen Vergleich /  |c von Birgit Fischer. 
260 |a Berlin :  |b Institut für Bibliothekswissenschaft der Humboldt-Universität zu Berlin,  |c 2005. 
300 |a 1 v. (various pagings) :  |b ill. ;  |c 30 cm. 
490 1 |a Berliner Handreichungen zur Bibliothekswissenschaft,  |x 1438-7662 ;  |v Heft 145 
500 |a Based on the author's thesis (master's)--Humboldt-Universität zu Berlin, 2004. 
504 |a Includes bibliographical references (p. 53-[62]). 
650 0 |a Metadata. 
651 0 |a European Union countries  |x Statistics. 
651 0 |a Canada  |x Statistics. 
650 0 |a Information storage and retrieval systems  |x Statistics. 
655 7 |a Statistics.  |2 fast 
830 0 |a Berliner Handreichungen zur Bibliothekswissenschaft und Bibliothekarausbildung ;  |v Heft 145. 
988 |a 20050707 
049 |a HLSS 
906 |0 OCLC